Bilecik Bilecik Bilecik Bilecik Bilecik

Sağlığımız : (Record no. 6438)

MARC details
000 -BAŞLIK
Sabit Uzunluktaki Kontrol Alanı 01287nam a22002897a 4500
001 - KONTROL NUMARASI
Control Dosyası 0006457
003 - KONTROL NUMARASI KİMLİĞİ
Kontrol Alanı KOHA_MİRAKIL
005 - EN SON İŞLEM TARİHİ ve ZAMANI
Kontrol Alanı 20260207001522.0
007 - FİZİKSEL TANIM SABİT ALAN - GENEL BİLGİ
Sabit uzunluklu kontrol alanı ta
008 - SABİT UZUNLUKTAKİ VERİ ÖGELERİ - GENEL BİLGİ
Sabit Alan 090707b1978 tu |||gre|||#0|||0|tur |
040 ## - KATALOGLAMA KAYNAĞI
Özgün Kataloglama Kurumu TR-BiSEU
Kataloglama Dili tur
Çeviri Kurumu TR-BiSEU
Açıklama Kuralları rda
041 0# - DİL KODU
Metin ya da ses kaydının dil kodu tur
044 ## - YAYINLAYAN/ÜRETEN KURULUŞUN ÜLKE KODU
ISO country code tu
050 ## - SINIFLAMA ve YER NUMARASI
Sınıflama Numarası RA65
Yer Numarası .S24 1978
245 0# - ESER ADI BİLDİRİMİ
Başlık Sağlığımız :
Alt Eseradı vb. herkesin tıp ansiklopedisi.
264 #1 - ÜRERİM, YAYIN, DAĞITIM ve TELİF BİLDİRİMİ
Yayın yeri İstanbul :
Yayınlayan Gelişim Yayınları
Yayın tarihi 1978
300 ## - FİZİKSEL TANIMLAMA
Sayfa, Cilt vb. c.: resimli; 30 cm.
336 ## - İÇERİK TÜRÜ
Content type term metin
Content type code txt
Source rdacontent
337 ## - MEDYA TÜRÜ
Media type term aracısız
Media type code n
Source rdamedia
338 ## - TAŞIYICI TÜRÜ
Carrier type term cilt
Carrier type code nc
Source rdacarrier
500 ## - GENEL NOT
Genel Not Dizin var.
505 ## - İÇİNDEKİLER NOTU
İçindekiler Notu İçindekiler: 1.c: Kalp ve akciğer -- 2.c: Gözler-kulak-burun-boğaz-ağız-dişler-kan -- 3.c.: Sindirim sistemi - makat/göden barsağı bölgesi-bağışıklık-boşaltım sistemi -- 4.c.: Kemikler ve eklemler-kaslar ve kirişler-enfeksiyon hastalıkları -- 5.c.: Enfeksiyon-asalak-metabolizma ve sistem hastalıkları/deri/sinir sistemi -- 6.c: Alerjiler-cinsel organlar-cinsel yaşam -- 7.c: Gebelik ve doğum-çocuk bakımı-çocuk hastalıkları-iç salgı bezleri -- 8.c: İlk yardım ve acil durumlar.
650 #0 - KONU BAŞLIĞI EK GİRİŞ - KONU TERİMİ
Konusal terim veya coğrafi ad Medicine--Encylopedias.
9 (RLIN) 15972
650 #0 - KONU BAŞLIĞI EK GİRİŞ - KONU TERİMİ
Konusal terim veya coğrafi ad Tıp--Ansiklopediler.
9 (RLIN) 15973
907 ## - LOCAL DATA ELEMENT G, LDG (RLIN)
a Ansiklopedi
942 ## - EK GİRİŞ ÖGELERİ (KOHA)
Source of classification or shelving scheme Library of Congress Classification
Koha item type Book
Holdings
Materyal Türü Kalıcı Konum Mevcut Konum Raf Yeri Koleksiyon Kodu Sınıflandırma Kaynağı Edinim Bilgisi Ana Konular Alt Konular Yer Numarası Cilt Bilgisi Demirbaş Numarası Fatura Tarihi Maliyet, Alış Fiyatı Maliyet, Yenileme Fiyatı Geri Çekilme Durumu Kayıp Durumu Hasarlı Durumu Kredi için değil Kayıt Tarih Toplam Ödünçverme Son Görülme Tarihi Son Kontrol Tarihi Genel / Bağış Notu
Danışma Kaynakları Prof. Dr. Azmi Özcan Kütüphanesi Prof. Dr. Azmi Özcan Kütüphanesi Birûni Salonu Referans Library of Congress Classification Bağış TIP Tıbbın Sosyal Yönleri (Halk Sağlığı) RA65 .S24 1978 c.5 0006457 13/08/2010 3.00 3.00       Ödünç verilmez 07/07/2009   05/12/2024 05/12/2024 Genel Bağış